[Event "15th Dubai Open 2013"]
[Site "Dubai UAE"]
[Date "2013.04.15"]
[Round "9.8"]
[White "Adhiban,Baskaran"]
[Black "Sokolov,Ivan"]
[Result "0-1"]
[WhiteElo "2555"]
[BlackElo "2643"]

1.d4 d5 2.c4 e6 3.Nc3 Bb4 4.a3 Bxc3+ 5.bxc3 c5 6.e3 Qc7 7.Qg4 f5 8.Qg3 Qe7
9.a4 Nf6 10.f3 Nc6 11.Bd3 e5 12.Ne2 e4 13.Bc2 dxc4 14.Ba3 b6 15.fxe4 fxe4
16.O-O O-O 17.Rad1 Bg4 18.Rxf6 Bxe2 19.Rxc6 Qf7 20.h3 Bxd1 21.Bxe4 Rac8 22.Rxc8 Rxc8
23.dxc5 Bxa4 24.c6 Qe6 25.Qf4 Bxc6 26.Bf5 Qd5 27.e4 Qd1+ 28.Kh2 Bd7 29.e5 Qd5
30.Be4 Qe6 31.Bd6 a5 32.Qf3 Kh8 33.g4 a4 34.Bb7 Re8 35.Bd5 Qg6 36.Bf7 Qc2+
37.Kg3 Rc8 38.Bxc4 Be6 39.Bd3 Qxc3 40.Qe4 Bg8 41.e6 Qf6 42.Bc4 b5 43.Bd5 Bxe6
44.Be5 Bxd5 45.Qxd5 Qe7 46.h4 b4 47.g5 Re8  0-1

[Event "Admiral Niels Juel Cup 2013"]
[Site "Koge DEN"]
[Date "2013.04.20"]
[Round "1.1"]
[White "Sokolov,Ivan"]
[Black "Rosenkilde,A"]
[Result "1-0"]
[WhiteElo "2643"]
[BlackElo "2247"]

1.d4 Nf6 2.c4 e6 3.Nc3 Bb4 4.e3 b6 5.Ne2 Ne4 6.Qc2 Bb7 7.Nf4 O-O 8.Bd3 f5
9.O-O Nxc3 10.bxc3 Bd6 11.Nh3 c5 12.e4 g6 13.Bh6 Re8 14.d5 Bf8 15.Bg5 Qc8
16.Rae1 Bg7 17.f4 Na6 18.exf5 exf5 19.Be7 Nc7 20.Ng5 Ne6 21.Bxf5 gxf5 22.Qxf5 Nxg5
23.fxg5 Kh8 24.g6 d6 25.Qh5 h6 26.Bf6 Rxe1 27.Qxh6+  1-0

[Event "7th IBC Limburg Open"]
[Site "Limburg NED"]
[Date "2013.05.17"]
[Round "1.1"]
[White "Sokolov,Ivan"]
[Black "Molinaroli,M"]
[Result "1-0"]
[WhiteElo "2642"]
[BlackElo "2309"]

1.d4 g6 2.c4 Bg7 3.Nc3 c5 4.d5 Bxc3+ 5.bxc3 f5 6.h4 Nf6 7.h5 Rg8 8.hxg6 hxg6
9.f3 Qa5 10.Qc2 d6 11.Bg5 Nbd7 12.e3 b5 13.cxb5 Bb7 14.e4 fxe4 15.fxe4 O-O-O
16.Bd2 Rde8 17.c4 Qa3 18.Rh3  1-0

[Event "7th IBC Limburg Open"]
[Site "Limburg NED"]
[Date "2013.05.18"]
[Round "2.1"]
[White "Ernst,S"]
[Black "Sokolov,Ivan"]
[Result "1/2-1/2"]
[WhiteElo "2587"]
[BlackElo "2642"]

1.d4 d5 2.c4 e6 3.Nf3 Nf6 4.g3 Bb4+ 5.Bd2 a5 6.Bg2 Nc6 7.O-O dxc4 8.e3 Rb8
9.Qe2 b5 10.a4 Ba6 11.axb5 Bxb5 12.Bc3 O-O 13.Na3 Ba6 14.Rfc1 Ne4 15.Qc2 Nxc3
16.bxc3 Bxa3 17.Rxa3 Qe7 18.Rca1 Bb5 19.Nd2 a4 20.Nxc4 Bxc4 21.Bxc6 Rb6 22.Qxa4 Ra6
23.Qxa6 Bxa6 24.Rxa6 g6 25.Rb1 h5 26.Rb5 h4 27.Kg2 Kg7 28.Be4 Rh8 29.Ra7 h3+
30.Kf1 Rc8 31.Rc5 Qd6 32.Rc6 Qd8 33.Ke1 g5 34.Rc5 c6 35.Raa5 g4 36.Ra1 Rb8
37.Kf1 Rb6 38.Kg1 Kh6 39.Rxc6 Rxc6 40.Bxc6 Qb6 41.Bh1 Qb2 42.Rd1  1/2-1/2

[Event "7th IBC Limburg Open"]
[Site "Limburg NED"]
[Date "2013.05.18"]
[Round "3.4"]
[White "Sokolov,Ivan"]
[Black "Voss,Gun"]
[Result "1-0"]
[WhiteElo "2642"]
[BlackElo "2144"]

1.d4 d5 2.c4 e6 3.Nc3 Nf6 4.cxd5 exd5 5.Bg5 c6 6.e3 Be7 7.Bd3 O-O 8.Qc2 Nbd7
9.Nf3 Re8 10.h3 Nf8 11.Bf4 Ng6 12.Bh2 Bd6 13.Bxd6 Qxd6 14.O-O-O Be6 15.Kb1 Rac8
16.Rc1 b5 17.Ng5 a6 18.Ne2 Rc7 19.g4 Rec8 20.Nxe6 fxe6 21.g5 Ne4 22.Bxe4 dxe4
23.Nc3 e5 24.Nxe4 Qd5 25.Rhd1 exd4 26.Rxd4 Qe6 27.Qb3 Qxb3 28.axb3 Ne5 29.f4 Nf3
30.Rd3 c5 31.Rcd1 c4 32.bxc4 bxc4 33.Rd8+ Rxd8 34.Rxd8+ Kf7 35.Kc2 Re7 36.Nd6+ Kg6
37.Nxc4 Kh5 38.Rh8 g6 39.Ra8  1-0

[Event "7th IBC Limburg Open"]
[Site "Limburg NED"]
[Date "2013.05.19"]
[Round "4.2"]
[White "Van Foreest,Lucas"]
[Black "Sokolov,Ivan"]
[Result "0-1"]
[WhiteElo "2040"]
[BlackElo "2642"]

1.d4 d5 2.c4 e6 3.Nf3 Nf6 4.e3 a6 5.Nc3 dxc4 6.Bxc4 b5 7.Bd3 Bb7 8.a3 c5
9.dxc5 Bxc5 10.O-O Nbd7 11.Qe2 Qc7 12.h3 Rd8 13.e4 Nh5 14.Be3 Nf4 15.Bxf4 Qxf4
16.b4 Be7 17.Rac1 O-O 18.Rfe1 Bd6 19.a4 Ne5 20.axb5 Nxf3+ 21.Qxf3 Qh2+ 22.Kf1 f5
23.Qh5 Bg3 24.Nd5 exd5 25.Be2 Qh1+  0-1

[Event "7th IBC Limburg Open"]
[Site "Limburg NED"]
[Date "2013.05.20"]
[Round "7.3"]
[White "Sokolov,Ivan"]
[Black "Krivonosov,O"]
[Result "1/2-1/2"]
[WhiteElo "2642"]
[BlackElo "2468"]

1.d4 d5 2.c4 e6 3.Nc3 Be7 4.cxd5 exd5 5.Bf4 c6 6.e3 Bd6 7.Bg3 Ne7 8.Nf3 O-O
9.Bd3 Bf5 10.Bxf5 Nxf5 11.Qd3 g6 12.Bxd6 Nxd6 13.h4 Nd7 14.g4 Qe7 15.Qc2 h6
16.O-O-O Rae8 17.g5 h5 18.Ne1 Ne4 19.Nd3 Nxc3 20.Qxc3 Rc8 21.Kb1 Rfe8 22.Ka1 Qe4
23.Qa3 a6 24.Rc1 Qe7 25.Qb3 Rc7 26.Nf4 Rec8 27.Rc3 Nf8 28.Rhc1 Ne6 29.Nd3 Ng7
30.Ne5 Nf5 31.Rh1 Qd6 32.Rc5 Re7 33.Qc2 Rce8 34.Rc3 Qe6 35.Qd1 Nd6 36.Rc1 Ne4
37.Qg1 c5 38.f3 cxd4 39.exd4 Nd6 40.f4 Rc8 41.a3 Rec7 42.Rxc7 Rxc7 43.Qd1 Nf5
44.Re1 Qd6 45.Nd3 Re7 46.Rxe7 Qxe7 47.Ne5 Kg7 48.Qb3 Nxd4 49.Qxd5 Nf5 50.Qd3 Qc7
51.Nd7 Qc1+ 52.Ka2 Qxf4 53.Qc3+ Qd4 54.Qc8 Qd5+ 55.Ka1 Qd1+ 56.Ka2 Qd5+  1/2-1/2

[Event "Quebec Open Invitational 2013"]
[Site "Montreal CAN"]
[Date "2013.07.21"]
[Round "1.2"]
[White "Kleinman,Michael"]
[Black "Sokolov,Ivan"]
[Result "0-1"]
[WhiteElo "2298"]
[BlackElo "2650"]

1.e4 e5 2.Nf3 Nc6 3.Bb5 a6 4.Ba4 Nf6 5.O-O Be7 6.Re1 b5 7.Bb3 d6 8.c3 O-O
9.h3 Nb8 10.d4 Nbd7 11.Nbd2 Bb7 12.Bc2 Re8 13.Nf1 Bf8 14.Ng3 g6 15.b3 c6
16.Bg5 Bg7 17.Qd2 Qc7 18.a4 Nf8 19.Bd3 Ne6 20.Be3 Nd7 21.Ra2 b4 22.dxe5 bxc3
23.Qxc3 Nxe5 24.Nxe5 Bxe5 25.Qc1 c5 26.Ne2 d5 27.exd5 Bxd5 28.Bc4 Bb7 29.Rd2 Qb6
30.Red1 Rac8 31.Qc2 Re7 32.Kf1 Rce8 33.Bd5 Bd4  0-1

[Event "Quebec Open Invitational 2013"]
[Site "Montreal CAN"]
[Date "2013.07.24"]
[Round "5.4"]
[White "Sokolov,Ivan"]
[Black "Kovalyov,A"]
[Result "0-1"]
[WhiteElo "2650"]
[BlackElo "2606"]

1.d4 Nf6 2.c4 e6 3.Nc3 Bb4 4.e3 b6 5.Ne2 c5 6.a3 Ba5 7.Bd2 O-O 8.Ng3 d5 9.cxd5 cxd4
10.exd4 Bxc3 11.bxc3 exd5 12.Be2 Re8 13.O-O Ba6 14.Bxa6 Nxa6 15.Qa4 Nc7 16.Rfe1 Qd7
17.Qxd7 Nxd7 18.Nf5 Nf6 19.f3 Rxe1+ 20.Bxe1 Re8 21.Kf2 Ne6 22.g3 g6 23.Ne3 Kf8
24.a4 Ke7 25.Ke2 Kd6 26.g4 Kc6 27.Bg3 h5 28.Kd3 hxg4 29.fxg4 Ne4 30.Nxd5 N6c5+
31.dxc5 Nxc5+ 32.Kc2 Kxd5 33.Rd1+ Kc6 34.Rd6+ Kb7 35.Rf6 Re2+ 36.Kc1 Nxa4
37.Rxf7+ Ka6 38.c4 Nc3 39.Bb8 Ka5 40.Rxa7+ Kb4 41.Re7 Na2+ 42.Kd1 Nc3+ 43.Kc1 Rg2
44.Be5 Na2+ 45.Kd1 Kxc4 46.Rc7+ Kd3 47.Rd7+ Ke4 48.Bc7 Nc3+ 49.Ke1 b5 50.Ba5 Nd5
51.Rb7 Kf3 52.Kd1 Ne3+ 53.Kc1 Rg1+  0-1

[Event "18th Vienna Open 2013"]
[Site "Vienna AUT"]
[Date "2013.08.17"]
[Round "1.1"]
[White "Sokolov,Ivan"]
[Black "Bury,R"]
[Result "1-0"]
[WhiteElo "2656"]
[BlackElo "2114"]

1.d4 Nf6 2.c4 e6 3.Nc3 Bb4 4.e3 O-O 5.Bd3 b6 6.Ne2 Bb7 7.O-O d5 8.cxd5 exd5
9.f3 c5 10.a3 Bxc3 11.bxc3 Nbd7 12.Ng3 Re8 13.Ra2 Nf8 14.Re2 Ne6 15.Bb5 Rf8
16.Bb2 a6 17.Ba4 a5 18.Bb5 Ne8 19.Bd3 Nd6 20.Qb1 g6 21.Nh1 f5 22.Nf2 Qd7
23.Rd1 cxd4 24.cxd4 Rac8 25.Bc1 b5 26.Bd2 Ra8 27.Be1 Rfe8 28.Nh3 Nc4 29.Bxc4 bxc4
30.Bc3 Qc7 31.Qc1 Rf8 32.Be1 Bc6 33.Bg3 Qa7 34.Rb2 Rf7 35.Rdd2 Ba4 36.Rb1 Rb7
37.Rxb7 Qxb7 38.Rb2 Bb3 39.Qc3 Qe7 40.Rb1 a4 41.Ra1 Re8 42.Be5 h6 43.e4 fxe4
44.fxe4 dxe4 45.Nf2 Rf8 46.Nxe4 Qh4 47.Re1 Nf4 48.Bxf4 Qxf4 49.d5 Qh4 50.d6 Bc2
51.g3  1-0

[Event "18th Vienna Open 2013"]
[Site "Vienna AUT"]
[Date "2013.08.25"]
[Round "9.16"]
[White "Bruehl,A"]
[Black "Sokolov,Ivan"]
[Result "0-1"]
[WhiteElo "2343"]
[BlackElo "2656"]

1.d4 Nf6 2.c4 b6 3.f3 Nc6 4.d5 Ne5 5.e4 e6 6.Nc3 Bc5 7.Nh3 Ng6 8.Nf2 O-O
9.Nd3 Bd6 10.Be3 exd5 11.cxd5 c6 12.dxc6 dxc6 13.Be2 Re8 14.Qc2 Nd5 15.Bf2 Ba6
16.exd5 cxd5 17.O-O Qc7 18.h3 d4 19.Bxd4 Rad8 20.Qa4 Qc8 21.Rac1 Bc4 22.Ne4 b5
23.Qxb5 Bxb5 24.Rxc8 Rxc8 25.Nxd6 Rxe2 26.Nxb5 a6 27.Nd6 Rd8 28.Nf5 Nh4 29.Nxh4 Rxd4
30.Nc1 Rxb2 31.Nf5 Rc4 32.Rd1 h6 33.Nd3 Rxa2 34.Ne5 Rcc2 35.g4 Rg2+ 36.Kf1 Rgf2+
37.Kg1 Rfd2 38.Rc1 a5 39.Ne3 a4 40.N5c4 Rd3 41.Rb1 Rb3 42.Rd1 a3 43.h4 Rc3
44.h5 Kh7 45.Kf1 Rh2 46.Kg1 Re2 47.Ra1 Kg8 48.Kf1 Rexe3 49.Nxe3 Rxe3 50.Kf2 Rb3
51.Kg3 Kf8 52.Kf4 Rb4+ 53.Ke5 Ra4 54.Ra2 Ke7 55.f4 f6+ 56.Kd5 Rxf4 57.Rxa3 Rxg4
58.Ra7+ Kf8 59.Ke6 Kg8 60.Ra8+ Kh7 61.Ra1 Rg5 62.Rh1 Kg8 63.Ke7 Re5+ 64.Kd6 Kf7
65.Rh2 Ra5 66.Rh1 f5 67.Rg1 f4  0-1

[Event "TCh-BEL 2013-14"]
[Site "Belgium BEL"]
[Date "2013.09.29"]
[Round "2.1"]
[White "Swinkels,R"]
[Black "Sokolov,Ivan"]
[Result "1/2-1/2"]
[WhiteElo "2535"]
[BlackElo "2634"]

1.d4 d5 2.c4 e6 3.Nf3 Nf6 4.g3 Bb4+ 5.Bd2 Bd6 6.Bg2 c6 7.Nc3 Nbd7 8.O-O dxc4
9.Bg5 O-O 10.Nd2 Nb6 11.Nde4 Be7 12.Nxf6+ Bxf6 13.Bxf6 Qxf6 14.f4 Qe7 15.Qd2 Rd8
16.Rfd1 Bd7 17.Ne4 Be8 18.Rac1 f6 19.Nc5 Bf7 20.Bf3 e5 21.fxe5 fxe5 22.Qe3 Re8
23.Qxe5 Qxe5 24.dxe5 Rab8 25.Nxb7 Rxb7 26.Bxc6 Rbe7 27.Bxe8 Rxe8 28.Kf2 g5
29.Rc3 Rxe5 30.Rd8+ Kg7 31.b3 Re7 32.Rb8 cxb3 33.axb3 Nd5 34.Rc5 g4 35.Ra8 Nb6
36.Rd8 h6 37.b4 Be6 38.Rd2 Kf6 39.Rd4 Kg6 40.Rc6 h5 41.Re4 Kf5 42.Rf4+ Kg6
43.Re4 Kf5 44.Rf4+ Kg6 45.Re4  1/2-1/2

[Event "Indonesia Open 2013"]
[Site "Jakarta INA"]
[Date "2013.10.17"]
[Round "11.11"]
[White "Gomez,Joh"]
[Black "Sokolov,Ivan"]
[Result "0-1"]
[WhiteElo "2511"]
[BlackElo "2636"]

1.d4 d5 2.c4 e6 3.Nc3 Be7 4.Nf3 Nf6 5.e3 O-O 6.a3 Nbd7 7.Bd3 dxc4 8.Bxc4 c5
9.O-O a6 10.a4 Qc7 11.Qe2 h6 12.h3 Re8 13.dxc5 Bxc5 14.a5 Bb4 15.e4 Bxa5
16.e5 Bxc3 17.bxc3 Nd5 18.Bd2 b6 19.Rfc1 Bb7 20.Bd3 Ne7 21.Bxa6 Bxf3 22.Qxf3 Nxe5
23.Qg3 Nf5 24.Qf4 Red8 25.Re1 f6 26.Red1 Qc6 27.Qb4 Rd5 28.Ra2 Rad8 29.Be2 b5
30.Qb3 Nh4 31.f3 Qc5+ 32.Kf1 Nf5 33.Bf4 Rxd1+ 34.Bxd1 Rxd1+ 35.Qxd1 Qc4+
36.Qe2 Qxf4 37.Qxb5 Qe3  0-1